| 000 | 00534nam a2200169 i 4500 | ||
|---|---|---|---|
| 001 | 40644 | ||
| 003 | ES-MaACL | ||
| 005 | 20230906160258.0 | ||
| 007 | t| | ||
| 008 | 030306s1977 sp ||||1| spa d | ||
| 100 | 1 |
_aCarrero, José María. _935697 |
|
| 245 | 1 | 0 |
_aLucha integrada contra las plagas / _cpor José María Carrero. |
| 260 |
_a[Madrid : _bMinisterio de Agricultura], _c1977. |
||
| 300 |
_a63 p., 1 lám. : _bil. ; _c24 cm. |
||
| 710 | 1 |
_aEspaña. _bMinisterio de Agricultura. _93837 |
|
| 852 |
_aES-MaACL _jA-7752 _bR.97267 |
||
| 999 |
_c40644 _d40644 |
||